000 00443nam a2200145 i 4500
001 59509
003 ES-MaACL
005 20230906164038.0
007 t|
008 031029s1948 fr ||||1| fre d
245 0 0 _aEncyclopédie géographique de Poche.
260 _aParis :
_bSociéte Parisienne d'Edition,
_c[1948] (
_fNovare Institut Géographique De Agostini)
300 _a444 p. :
_bmap. ;
_c16 cm.
852 _aES-MaACL
_jD-6700
_bR.30054
999 _c59509
_d59509